[Event "Ricany op-A"]
[Site "Ricany"]
[Date "2007.08.25"]
[Round "1"]
[White "Horyna, Josef"]
[Black "Keller, Daniel"]
[Result "1/2-1/2"]
[WhiteElo "1893"]
[BlackElo "2139"]
[PlyCount "64"]
[EventDate "2007.08.25"]
[EventType "swiss"]
[EventRounds "9"]
[EventCountry "CZE"]
[SourceTitle "EXT 2008"]
[Source "ChessBase"]
[SourceDate "2007.11.25"]
[SourceVersion "1"]
[SourceVersionDate "2007.11.25"]
[SourceQuality "1"]

1. d4 d6 2. e4 Nf6 3. Nc3 c6 4. h3 Qa5 5. Bd3 e5 6. dxe5 dxe5 7. Nf3 Be7 8. 0-0 0-0 9. Be3 Nbd7 10. a3 Qc7 11. b4 b5 12. Ne2 a5 13. c3 Rd8 14. Qc2 Bb7 15. Ng3 c5 16. Bxb5 cxb4 17. axb4 axb4 18. Rxa8 Rxa8 19. Bxd7 Nxd7 20. Rc1 Rc8 21. c4 Nc5 22. Nd2 Qc6 23. Nf5 Bf8 24. f3 Ra8 25. Bxc5 Bxc5+ 26. Kh2 Bc8 27. Nb3 Bf8 28. Ne3 f6 29. Nd5 Ra3 30. c5 Qa4 31. Rb1 Ba6 32. c6 Ra2 1/2-1/2

[Event "Brno Trade op"]
[Site "Brno"]
[Date "2006.09.03"]
[Round "9"]
[White "Nemec, Miloslav"]
[Black "Keller, Daniel"]
[Result "0-1"]
[WhiteElo "2057"]
[BlackElo "2153"]
[PlyCount "42"]
[EventDate "2006.08.27"]
[EventType "swiss"]
[EventRounds "9"]
[EventCountry "CZE"]
[SourceTitle "EXT 2007"]
[Source "ChessBase"]
[SourceDate "2006.11.23"]
[SourceVersion "1"]
[SourceVersionDate "2006.11.23"]
[SourceQuality "1"]

1. Nf3 Nf6 2. d4 d6 3. c4 c6 4. Nc3 Bg4 5. e3 e6 6. Be2 Nbd7 7. h3 Bh5 8. Qc2 d5 9. b3 Bd6 10. Bb2 0-0 11. g4 Bg6 12. Bd3 Qe7 13. Nh4 Bxd3 14. Qxd3 Ne4 15. Ng2 Nxc3 16. Bxc3 f5 17. f4 Nf6 18. c5 Bc7 19. g5 Ne4 20. Nh4 Nxg5 21. 0-0-0 Ne4 0-1

[Event "Brno Trade op"]
[Site "Brno"]
[Date "2006.09.02"]
[Round "7"]
[White "Vesely, Jaromir"]
[Black "Keller, Daniel"]
[Result "1/2-1/2"]
[WhiteElo "2075"]
[BlackElo "2153"]
[PlyCount "90"]
[EventDate "2006.08.27"]
[EventType "swiss"]
[EventRounds "9"]
[EventCountry "CZE"]
[SourceTitle "EXT 2007"]
[Source "ChessBase"]
[SourceDate "2006.11.23"]
[SourceVersion "1"]
[SourceVersionDate "2006.11.23"]
[SourceQuality "1"]

1. d4 Nf6 2. Nf3 d6 3. Nc3 Bg4 4. e4 e6 5. Be2 d5 6. Bg5 Be7 7. Qd3 c6 8. Bxf6 Bxf6 9. 0-0-0 Nd7 10. h3 Bh5 11. g4 Bg6 12. h4 h6 13. Qe3 dxe4 14. Nxe4 Bxe4 15. Qxe4 Qa5 16. Kb1 0-0-0 17. Nd2 Qd5 18. c3 Qxe4+ 19. Nxe4 Be7 20. b4 Nb6 21. g5 Nd5 22. Kc2 g6 23. Bg4 Nf4 24. Rdg1 Rh7 25. Bf3 Rdh8 26. Nf6 Bxf6 27. gxf6 Rd8 28. Re1 Rhh8 29. Re5 Rd6 30. b5 Nd5 31. bxc6 bxc6 32. Bxd5 cxd5 33. f4 h5 34. Rb1 Kc7 35. Ree1 Ra6 36. Rb2 Rb8 37. Rxb8 Kxb8 38. Ra1 Kc7 39. a4 Rb6 40. Ra3 Kc6 41. Rb3 Rxb3 42. Kxb3 Kb7 43. Kb4 Kb6 44. a5+ Kc6 45. Ka4 a6 1/2-1/2